50 WWII figures - Statistics

General Stats
  • This quiz has been taken 1,017 times
  • The average score is 22 of 50
Answer Stats
Hint Answer % Correct
Shot himself in his bunker in 1945 Adolf Hitler
91%
Emperor of a losing power Hirohito
91%
The 'Desert Fox' Erwin Rommel
89%
Leader who died months before the war's end Franklin Roosevelt
89%
Il Duce Benito Mussolini
88%
Supreme Allied Commander Dwight Eisenhower
87%
Jewish diarist Anne Frank
84%
Said 'we will fight them on the beaches' Winston Churchill
82%
Built the bomb to end Japan's war Robert Oppenheimer
77%
Mistakenly thought he had peace in his time Neville Chamberlain
73%
Helped crack Enigma intercepts Alan Turing
72%
Marshalled Soviet forces to victory Georgy Zhukov
72%
Luftwaffe leader convicted at Nuremburg Hermann Goring
68%
Fled France in 1940 to lead 'free' forces Charles de Gaulle
67%
Gestapo chief and Holocaust architect Heinrich Himmler
65%
Kept his promise to return to the Philippines Douglas MacArthur
64%
Victor of El Alamein Bernard Montgomery
63%
'Old Blood and Guts' George Patton
62%
Led his country from Chongqinq Chiang Kai-shek
55%
Ordered "Not one step backwards" in 1942 Joseph Stalin
51%
Balkan partisan leader Josip Tito
51%
Hanged in Tokyo in 1948 for war atrocities Hideki Tojo
48%
Signed an abortive pact with Joachim von Ribbentrop Vyacheslav Molotov
48%
His Red Army allied with nationalists against Japan Mao Zedong
45%
Norwegian Nazi underling Vidkun Quisling
44%
WWI general who ran a Nazi-allied government Philippe Petain
37%
German Reich Chancellor 30 April-1 May 1945 Joseph Goebbels
34%
Oversaw the Pearl Harbor attack Isoroku Yamamoto
33%
U-boat chief who ordered German surrender Karl Donitz
29%
Inspired British forces, singing "We'll meet again" Vera Lynn
25%
Led Finnish forces in the Winter War Carl Mannerheim
23%
Defied Hitler by surrendering at Stalingrad Friedrich Paulus
23%
Satirised military madness in 'Catch-22' Joseph Heller
23%
Bomber Command chief who destroyed Dresden Arthur Harris
22%
Accepted Japan's surrender aboard USS Missouri Chester Nimitz
22%
Propaganda figure for the US war industry Rosie the Riveter
22%
Existentialist who fought for the French resistance Albert Camus
21%
Big band leader MIA in 1944 Glenn Miller
21%
Commander-in-chief of US ground forces on D-Day Omar Bradley
21%
Organised the US military expansion George Marshall
14%
Student activist executed for defying Hitler Sophie Scholl
11%
Formed the Free India Legion to fight the allies Subhas Chandra Bose
8%
Stalingrad sniper lionised in film Vasily Zaitsev
7%
Germany's top soldier, later hanged for war crimes William Keitel
7%
Commander of the Burma Corps William Slim
7%
The 'Tiger of Malaya' who took Singapore Tomoyuki Yamashita
6%
His 'Chindit' forces waged guerilla war in Burma Orde Wingate
5%
Led the Warsaw Ghetto uprising Mordechai Anielewicz
3%
His 'Life and Fate' showed Soviet people at war Vasily Grossman
3%
US airforce chief who targeted German oil Carl Spaatz
2%
No matching quizzes found
Score Distribution
Percent of People with Each Score
Percentile by Number Answered
Your Score History
You have not taken this quiz